[Event "Vlissingen HZ op 15th"]
[Site "Vlissingen"]
[Date "2011.07.31"]
[Round "2"]
[White "Roessler, Wolfgang"]
[Black "Van Dooren, Dirk"]
[Result "0-1"]
[WhiteElo "1992"]
[BlackElo "2290"]
[PlyCount "70"]
[EventDate "2011.07.30"]
[EventType "swiss"]
[EventRounds "9"]
[EventCountry "NED"]
[SourceTitle "CBM 143 Extra"]
[Source "ChessBase"]
[SourceDate "2011.08.29"]
[SourceVersion "1"]
[SourceVersionDate "2011.08.29"]
[SourceQuality "1"]

1. e4 e5 2. f4 Nc6 3. Nf3 f5 4. exf5 e4 5. Ne5 Nf6 6. d4 d6 7. Nxc6 bxc6 8. Be2 Bxf5 9. 0-0 h5 10. c4 d5 11. Nc3 Kf7 12. Qa4 Qd6 13. Be3 Be7 14. Rac1 Rab8 15. cxd5 cxd5 16. Nb5 Qb6 17. Qxa7 Qxa7 18. Nxa7 Rxb2 19. Rf2 Ra8 20. Nc6 Raxa2 21. Nxe7 Kxe7 22. Bd1 Kd6 23. Rxb2 Rxb2 24. h3 Ra2 25. Rb1 c6 26. Bb3 Re2 27. Bc1 e3 28. Ba3+ Kd7 29. Rc1 Be4 30. Ba4 Rxg2+ 31. Kf1 e2+ 32. Ke1 Bd3 33. Bxc6+ Kd8 34. Kd2 e1Q+ 35. Kxe1 Ne4 0-1

[Event "Vlissingen HZ op 13th"]
[Site "Vlissingen"]
[Date "2009.08.02"]
[Round "2"]
[White "Leenaerts, Robin"]
[Black "Roessler, Wolfgang"]
[Result "1-0"]
[WhiteElo "2248"]
[BlackElo "2020"]
[PlyCount "77"]
[EventDate "2009.08.01"]
[EventType "swiss"]
[EventRounds "9"]
[EventCountry "NED"]
[SourceTitle "CBM 131 Extra"]
[Source "ChessBase"]
[SourceDate "2009.09.03"]
[SourceVersion "2"]
[SourceVersionDate "2009.09.16"]
[SourceQuality "1"]

1. e4 d5 2. exd5 Qxd5 3. Nc3 Qa5 4. d4 c6 5. Nf3 Nf6 6. Bc4 Bf5 7. Bd2 e6 8. Qe2 Qb6 9. Na4 Qc7 10. Bb3 Nbd7 11. 0-0 Bg4 12. h3 Bxf3 13. Qxf3 0-0-0 14. c4 c5 15. dxc5 Nxc5 16. Be3 Be7 17. Nc3 a6 18. Bc2 Nd3 19. Na4 Nc5 20. b4 Nxa4 21. Bxa4 Kb8 22. Rfc1 e5 23. Rab1 Rd3 24. Ba7+ Kxa7 25. Qxd3 Rd8 26. Qe3+ Ka8 27. c5 Nd5 28. Qf3 Bg5 29. Rd1 e4 30. Qf5 Nc3 31. Qxg5 Rxd1+ 32. Rxd1 Nxd1 33. Bxd1 Qd7 34. Bb3 Qd4 35. a3 f6 36. Qd5 Qa1+ 37. Kh2 Qxa3 38. Qd8+ Ka7 39. Qb6+ 1-0

[Event "Vlissingen HZ op 12th"]
[Site "Vlissingen"]
[Date "2008.08.03"]
[Round "2"]
[White "Bezemer, Arno J"]
[Black "Roessler, Wolfgang"]
[Result "1-0"]
[WhiteElo "2324"]
[BlackElo "2042"]
[PlyCount "65"]
[EventDate "2008.08.02"]
[EventType "swiss"]
[EventRounds "9"]
[EventCountry "NED"]
[SourceTitle "CBM 125 Extra"]
[Source "ChessBase"]
[SourceDate "2008.09.01"]
[SourceVersion "1"]
[SourceVersionDate "2008.09.01"]
[SourceQuality "1"]

1. e4 d5 2. exd5 Qxd5 3. Nc3 Qa5 4. d4 c6 5. Bc4 Bf5 6. Nf3 Nf6 7. Bd2 e6 8. Nd5 Qd8 9. Nxf6+ gxf6 10. 0-0 Nd7 11. c3 Qc7 12. Nh4 Bg6 13. Qe2 0-0-0 14. f4 f5 15. Bd3 Nf6 16. b4 Bh5 17. Qe1 Be7 18. Rb1 Kb8 19. Rb2 Rhg8 20. Nf3 Bxf3 21. Rxf3 Rg7 22. Rg3 Rdg8 23. Rxg7 Rxg7 24. c4 Nh5 25. b5 Nxf4 26. Bf1 c5 27. d5 Bf6 28. Rb3 Bd4+ 29. Kh1 Qe5 30. Qh4 Kc8 31. Bxf4 Qe4 32. b6 a6 33. Qe7 1-0

[Event "Duesseldorf-ch"]
[Site "Duesseldorf"]
[Date "2006.09.07"]
[Round "2"]
[White "Roessler, Wolfgang"]
[Black "Von Buenau, Heinrich"]
[Result "1-0"]
[WhiteElo "1842"]
[BlackElo "2107"]
[PlyCount "23"]
[EventDate "2006.08.24"]
[EventType "swiss"]
[EventRounds "7"]
[EventCountry "GER"]
[SourceTitle "EXT 2008"]
[Source "ChessBase"]
[SourceDate "2007.11.25"]
[SourceVersion "1"]
[SourceVersionDate "2007.11.25"]
[SourceQuality "1"]

1. e4 c5 2. c3 d5 3. exd5 Qxd5 4. d4 Nf6 5. Nf3 Bg4 6. Qa4+ Nc6 7. Bc4 Qe4+ 8. Be3 e6 9. Nbd2 Qf5 10. Ne5 Rc8 11. f3 Bh5 12. Bd3 1-0